Aliments commençant par S - Statistiques

Statistiques générales
  • Ce quiz a été pris 3 364 fois
  • Le résultat moyen est 15 sur 20
Statistiques - réponses
Par images Hint Réponse % Correct
Saumon
100%
Saucisson
98%
Sucre
98%
Spaghetti
97%
Sushi
97%
Sucette
96%
Sandwich
92%
Sardine
91%
Surimi
87%
Les graines sur ce pain Sésame
86%
Smoothie
80%
Samoussa
79%
Semoule
75%
Soufflé
62%
Spéculoos
54%
Safran
52%
Cocktail vénitien Spritz
50%
Salsifis
40%
Sauge
32%
Soja
19%
Aucun quiz correspondant
Distribution des résultats
% des personnes avec chaque résultat
Percentile par nombre de réponses
Votre historique - résultats
Vous n’avez pas pris ce quiz